000 00348 a2200109 4500
001 ART_50514
005 20260410162043.0
008 260409a
245 1 0 _aAspectos relevantes del régimen promocional de la economía del conocimiento
100 1 _aCoronello, Silvina E.
773 0 _tImpuestos
_g- N°67 (ene. 2020)
_wREV45175
999 _c35093
_d35093